000 00422nam a2200145Ia 4500
008 100122s9999 xx 000 0 und d
082 _b19500
_a823.08
100 _aमंत्री रमेश
245 _aकागदी वाघ
260 _bआनंद अनंत अंतरकर
_c1973
300 _a176
630 _aकागदी वाघ
730 _aकागदी वाघ
942 _cBOOK
999 _c408512
_d408509